| Tag |
First Indicator |
Second Indicator |
Subfields |
| LEADER |
00000cas a2200000 4500 |
| 001 |
in00000083177 |
| 005 |
20151008055617.0 |
| 008 |
800423c19uu9999ncuar s0uuua0eng d |
| 035 |
|
|
|a (OCoLC)06236535
|
| 035 |
|
|
|9 AAJ3914AM
|
| 040 |
|
|
|a TXA
|c TXA
|d UtOrBLW
|
| 049 |
|
|
|a TXAE
|
| 090 |
|
|
|a SD435
|b .N6
|
| 110 |
2 |
|
|a North Carolina State University.
|b School of Forest Resources.
|
| 245 |
1 |
0 |
|a Annual report - Cooperative tree improvement and hardwood research programs.
|
| 264 |
|
1 |
|a Raleigh :
|b The University.
|
| 300 |
|
|
|a volumes :
|b illustrations
|
| 336 |
|
|
|a text
|b txt
|2 rdacontent
|
| 337 |
|
|
|a unmediated
|b n
|2 rdamedia
|
| 338 |
|
|
|a volume
|b nc
|2 rdacarrier
|
| 362 |
0 |
|
|a 1st-
|
| 650 |
|
0 |
|a Timber
|z United States.
|
| 650 |
|
0 |
|a Hardwoods.
|
| 999 |
|
|
|a MARS
|
| 999 |
f |
f |
|s f2337cb9-b64b-3135-8ecb-6de90d45ffa3
|i 0bfd708f-97d3-3b99-8ec7-9beaa8d0ef4b
|t 0
|
| 952 |
f |
f |
|p ric
|a Texas A&M University
|b Rellis Campus
|c Joint Library Facility
|d Remote Storage
|t 0
|e SD435 .N6
|h Library of Congress classification
|i unmediated -- volume
|k 21st
|l 1977
|m A14852012708
|
| 952 |
f |
f |
|p ric
|a Texas A&M University
|b Rellis Campus
|c Joint Library Facility
|d Remote Storage
|t 0
|e SD435 .N6
|h Library of Congress classification
|i unmediated -- volume
|k 20th
|l 1976
|m A14852012690
|
| 952 |
f |
f |
|p ric
|a Texas A&M University
|b Rellis Campus
|c Joint Library Facility
|d Remote Storage
|t 0
|e SD435 .N6
|h Library of Congress classification
|i unmediated -- volume
|k 19th
|l 1975
|m A14852012682
|
| 998 |
f |
f |
|a SD435 .N6
|s 19th (1975)-21st (1977)
|t 0
|l Remote Storage
|